| 000 | 01321nam a22003737a 4500 | ||
|---|---|---|---|
| 003 | CHAP | ||
| 005 | 20220329133053.0 | ||
| 008 | 971013s1990 r 00010 d | ||
| 010 | _a1820 | ||
| 011 | _a2792 | ||
| 035 | _a1992 | ||
| 040 | _cCHAP | ||
| 090 | _aTesis | ||
| 100 | 0 | 0 |
_aSalazar Orta, Eleazar. _9101418 |
| 245 | _aPrueba de germinación en semillas escarificadas chapote (Diospyros texana Scheele), con diferentes medios de propagación; bajo invernadero en Marín, N. L., 1988 | ||
| 260 |
_aMarín, N. L. : _bEl Autor, _c1990 |
||
| 300 |
_a50 h. _b: ilus. |
||
| 500 | _a43-98 | ||
| 502 | _aTesis (Ing. Agr. Fitotecnista) -- Univ. Autónoma de Nuevo León. Fac. de Agronomía | ||
| 590 |
_aALEPH _b10 _c20130110 _lUCH01 _h1209 |
||
| 590 |
_aBATCH-UPD _b10 _c20130109 _lUCH01 _h2355 |
||
| 590 |
_aBATCH-UPD _b10 _c20130110 _lUCH01 _h1644 |
||
| 590 |
_aBATCH-UPD _b10 _c20130410 _lUCH01 _h1034 |
||
| 590 |
_aBATCH-UPD _b10 _c20130914 _lUCH01 _h1127 |
||
| 590 |
_aCONVERSION _b10 _c20130109 _lUCH01 _h1302 |
||
| 650 | 1 | 4 |
_aCultivos en invernadero. _930376 |
| 650 | 1 | 4 |
_aDiospyros tejana. _932664 |
| 650 | 1 | 4 |
_aEscarificación. _937470 |
| 650 | 1 | 4 |
_aGerminación. _947755 |
| 650 | 1 | 4 |
_aPropagación de árboles frutales. _992415 |
| 901 | _aBK | ||
| 942 | _cTESIS | ||
| 949 |
_bBC _cTES _d-11487 _eTS1 _h23554 _i1992 _si |
||
| 999 |
_c1820 _d1820 |
||